| 000 | 00861cab a22002055a 4500 | ||
|---|---|---|---|
| 001 | L147133 | ||
| 008 | 090406e20090327xxkad f 000 0 eng d | ||
| 035 | _a(Sirsi) u147133 | ||
| 041 | 0 | _aeng | |
| 100 | 1 | _aEade, Christine | |
| 245 | 0 | 0 |
_aRegional _bStaffordshire and Shropshire |
| 260 | _c2009 | ||
| 490 | 0 |
_aProperty Week _v75(13) 27 March 2009, 69-77(5) |
|
| 520 | _aReports on news and deals from around the region. Reveals that plans to transform Telford have been hit as Asda have ended talks over a new supermarket. Reports on plans to regenerate Hanley town centre. Explains how Shrewsbury's medieval town centre is appealing to independent retailers the larger shopping malls cannot reach. | ||
| 590 | _aKA | ||
| 651 | 4 | _aShropshire | |
| 651 | 4 | _aStaffordshire | |
| 690 | _aPROPERTY-COMMERCIAL PROPERTY-COMMERCIAL PROPERTY MARKET | ||
| 942 | _n0 | ||
| 999 |
_c81399 _d81399 |
||